Valparaíso bohemio: antología de poemas nocturnos

Պահպանված է:
Մատենագիտական մանրամասներ
Հիմնական հեղինակներ: Camus, José Miguel (Հեղինակ), Gutiérrez, Rodrigo (Հեղինակ)
Ձևաչափ: Գիրք
Լեզու:իսպաներեն
Հրապարակվել է: Valparaíso Puerto Alegre 2007
Հրատարակություն:1a. ed
Խորագրեր:
Ցուցիչներ: Ավելացրեք ցուցիչ
Չկան պիտակներ, Եղեք առաջինը, ով նշում է այս գրառումը!

MARC

LEADER 00000nam a2200000 a 4500
001 UCG2292
003 CL-VaPUC
008 100701e20071100CL |||||||||||||||||spa|d
020 |a 9789568688004 
082 0 4 |a Ch861  |b CAM  |2 21 
100 0 |a Camus, José Miguel  |e author  |9 550727 
700 0 |a Gutiérrez, Rodrigo  |e author  |9 550728 
245 1 0 |a Valparaíso bohemio: antología de poemas nocturnos 
250 |a 1a. ed 
300 |a 103 p 
942 |c BK 
945 |d 20100701 00:00:00  |a dcastane 
260 |a Valparaíso  |b Puerto Alegre  |c 2007 
650 0 |a Poesía chilena   |9 268403 
583 |a last modification  |c 20100701 00:00:00  |k Rodrigo Vera 
999 |c 341510  |d 341508 
952 |0 0  |1 0  |4 0  |6 CH_861_000000000000000_CAM_2007  |7 0  |8 X  |9 437080  |a FDOBUD  |b FDOBUD  |d 2019-11-22  |i 4682343  |o Ch861 CAM 2007  |p 4682343  |r 2019-11-22  |w 2019-11-22  |y BK_X  |k BUD